Statistiques concernant Arrêts de la ligne 25 de Lyon (TCL)

Cliquez ici pour prendre le quiz!

Statistiques générales

  • Ce quiz a été pris 11 fois
  • Le résultat moyen est 13 sur 22

Statistiques - réponses

ArrondissementArrêt% Correct
Lyon 3eDauphiné - Lacassagne
88%
Lyon 3eGare Part-Dieu Vivier Merle
88%
BronSept Chemins
88%
Lyon 3eLa Villette
75%
BronBron Terraillon
63%
Lyon 3eDomrémy - Lacassagne
63%
Lyon 3eFeuillat Campus Pro
63%
BronLycée de l’Automobile
63%
BronMonge
63%
Lyon 3ePart-Dieu Renaudel
63%
Lyon 3ePlace Henri
63%
BronSalengro - Genas
63%
Lyon 3eAubépins
50%
Lyon 3eBonnand
50%
BronBrossolette - Genas
50%
Lyon 3eCharles Richard
50%
VilleurbanneCyprian - Genas
50%
BronÉmile Vial
50%
BronLa Pagère - Les Brosses
50%
VilleurbanneMontchat Kimmerling
50%
Lyon 3eMontchat Pinel
50%
Lyon 3eRouget de l’Isle
50%

Distribution des résultats

Percentile par nombre de réponses

% des personnes avec chaque résultat

Votre développement - résultats

Vous n’avez pas pris ce quiz